LEADER 01069nam a2200277 i 4500 001 991001760849707536 005 20020503153313.0 008 001103s1961 it ||| | ita 035 $ab10269010-39ule_inst 035 $aEXGIL91049$9ExL 040 $aBiblioteca Interfacoltà$bita 082 0 $a804 100 1 $aPagliaro, Antonino$0156430 245 10$aAltri saggi di critica semantica /$cAntonino Pagliaro 260 $aMessina ; Firenze :$bD'Anna,$c1961 300 $aVIII, 474 p. ;$c22 cm. 490 0 $aBiblioteca di cultura contemporanea ;$v72 650 4$aLetteratura 907 $a.b10269010$b17-02-17$c27-06-02 912 $a991001760849707536 945 $aLE008 FL.M. V G 10$g1$i2008000141752$lle008$o-$pE0.00$q-$rl$s- $t0$u0$v0$w0$x0$y.i14521350$z23-07-07 945 $aLE002 809 PAG 1961.2 945 $aLE002 Filol. I L 41$g1$i2002000465009$lle002$o-$pE0.00$q-$rl$s- $t0$u0$v0$w0$x0$y.i10320362$z27-06-02 996 $aAltri saggi di critica semantica$9138016 997 $aUNISALENTO 998 $ale008$ale002$b01-01-00$cm$da $e-$fita$git $h0$i2